Tiếng Việt du lịch
Nội dung sách cung cấp cho người đọc một số kiến thức cơ bản về ngành du lịch; những kiến thức nhất định về các điểm du lịch, văn hóa, ẩm thực Việt Nam; hệ thống từ vựng chuyên ngành, rèn luyện để nâng cao khả năng thực hành từ, ng...
Gorde:
| Egile nagusia: | |
|---|---|
| Formatua: | Liburua |
| Hizkuntza: | Undetermined |
| Argitaratua: |
Hà Nội
Đại học Quốc gia Hà Nội
2015
|
| Gaiak: | |
| Etiketak: |
Etiketa erantsi
Etiketarik gabe, Izan zaitez lehena erregistro honi etiketa jartzen!
|
| Thư viện lưu trữ: | Trung tâm Học liệu Trường Đại học Cần Thơ |
|---|
| LEADER | 01288nam a2200217Ia 4500 | ||
|---|---|---|---|
| 001 | CTU_216140 | ||
| 008 | 210402s9999 xx 000 0 und d | ||
| 082 | |a 915.970014 | ||
| 082 | |b H455 | ||
| 100 | |a Phạm, Thị Thúy Hồng | ||
| 245 | 0 | |a Tiếng Việt du lịch | |
| 245 | 0 | |c Phạm Thị Thúy Hồng | |
| 260 | |a Hà Nội | ||
| 260 | |b Đại học Quốc gia Hà Nội | ||
| 260 | |c 2015 | ||
| 520 | |a Nội dung sách cung cấp cho người đọc một số kiến thức cơ bản về ngành du lịch; những kiến thức nhất định về các điểm du lịch, văn hóa, ẩm thực Việt Nam; hệ thống từ vựng chuyên ngành, rèn luyện để nâng cao khả năng thực hành từ, ngữ chuyên ngành; tăng cường năng lực viết và nói tiếng Việt có định hướng chuyên ngành du lịch | ||
| 650 | |a Vietnam,Tourism,Tourism,Việt Nam,Du lịch,Du lịch | ||
| 650 | |x Description and travel,Vocational guidance,Mô tả và du lịch,Nghề hướng dẫn | ||
| 650 | |z Vietnam,Việt Nam | ||
| 904 | |i Qhieu - Tú Ngân, Linh, Sương | ||
| 980 | |a Trung tâm Học liệu Trường Đại học Cần Thơ | ||